Rozšírenie HCPortal o novú webovú aplikáciu

Salvato in:
Dettagli Bibliografici
Autore principale: Ševčík, Ľubomír (Autore)
Altri autori: Antal, Eugen (Relatore della tesi)
Natura: Manoscritto Libro
Lingua:slovacco
Pubblicazione: Bratislava : STU v Bratislave FEI, 2024
Soggetti:
Accesso online:https://opac.crzp.sk/?fn=detailBiblioFormChildGOSNG&sid=641DE671020428D5624967E86458&seo=CRZP-detail-kniha
Tags: Aggiungi Tag
Nessun Tag, puoi essere il primo ad aggiungerne!!

MARC

LEADER 00000ntm a22000003a 4500
001 stuzp96692
003 SK-STU
005 20250514141258.4
007 ta
008 150427s2015----xo-----f-mn---000-0-slo-d
040 |a STU  |b slo 
041 0 |a slo 
044 |a xo 
100 1 |a Ševčík, Ľubomír  |u 035000  |4 aut  |U FEI Fakulta elektrotechniky a informatiky  |T FEI Ústav informatiky a matematiky  |X 97947  |U E050  |Y 816  |7 97947 
242 0 1 |a Extension of the HCPortal with new web application  |y eng 
245 1 0 |a Rozšírenie HCPortal o novú webovú aplikáciu 
260 |a Bratislava :  |b STU v Bratislave FEI,  |c 2024 
300 |a 91 s. 
650 4 |a HCPortal  |2 slo 
650 4 |a React  |2 slo 
650 4 |a Laravel  |2 slo 
650 4 |a Figma  |2 slo 
650 4 |a Tailwind  |2 slo 
650 4 |a HCPortal  |2 eng 
650 4 |a React  |2 eng 
650 4 |a Laravel  |2 eng 
650 4 |a Figma  |2 eng 
650 4 |a Tailwind  |2 eng 
700 1 |a Antal, Eugen  |u 035000  |k Z1  |4 ths  |U FEI Fakulta elektrotechniky a informatiky  |T FEI Ústav informatiky a matematiky  |X 36087  |U E050  |Y 816  |7 A000036087 
856 4 |u https://opac.crzp.sk/?fn=detailBiblioFormChildGOSNG&sid=641DE671020428D5624967E86458&seo=CRZP-detail-kniha